000 00988nam a2200313Ia 4500
001 Z_4559
003 CHAP
008 220113s1984 xx 000 0 und d
010 _a167634
040 _cCHAP
082 _a636.0824 S95
100 _aSymposium sobre Ganadería Tropical (3 : 1984 : Veracruz, Ver.)
_9141904
245 _aMemorias del primer ciclo de conferencias sobre cerdos y aves /
_cpor INIP
260 _aMéxico, D. F. :
_bEl Instituto,
_c1984
300 _a128 p. : gráfs
440 _a
500 _a
503 _aC/E
650 _aGanadería
_xCongresos
_944677
650 _aGanadería
_xMéxico
_9137519
650 _aGanadería
_xTrópicos
_944856
650 _aTrópicos
_xGanadería I. Instituto Nacional de Investigaciones Pecuarias. México II. Patronato de Apoyo a la Investigación y Experimentación Pecuaria en México
_9141905
901 _a636.0824 S95
902 _aA
910 _a1984
942 _c1
942 _cc1
999 _c167634
_d167634